[Event "Blankenese op 2nd"]
[Site "Hamburg"]
[Date "2018.09.29"]
[Round "2.14"]
[White "Lau, Felix"]
[Black "Becker Bertau, Friedrich"]
[Result "1-0"]
[WhiteElo "2056"]
[BlackElo "1873"]
[PlyCount "37"]
[EventDate "2018.09.29"]
[EventType "swiss"]
[EventRounds "7"]
[EventCountry "GER"]
[SourceTitle "EXT 2020"]
[Source "ChessBase"]
[SourceDate "2019.10.17"]
[SourceVersion "1"]
[SourceVersionDate "2019.10.17"]
[SourceQuality "1"]

1. e4 c5 2. Nc3 e5 3. Bc4 Nf6 4. f4 d6 5. Nf3 Bg4 6. fxe5 dxe5 7. Bxf7+ Kxf7 8. Nxe5+ Kg8 9. Nxg4 Nc6 10. d3 h5 11. Nxf6+ Qxf6 12. Be3 Bd6 13. Qf3 Qg6 14. Qf5 Qg4 15. Qd5+ Kh7 16. Qxd6 Nb4 17. Kd2 Qxg2+ 18. Ne2 Nxc2 19. Rag1 1-0

[Event "Hamburg-ch MB"]
[Site "Hamburg"]
[Date "2018.05.22"]
[Round "4"]
[White "Herlan, Klaus Juergen"]
[Black "Becker Bertau, Friedrich"]
[Result "0-1"]
[WhiteElo "1966"]
[BlackElo "1833"]
[PlyCount "64"]
[EventDate "2018.05.19"]
[EventType "swiss"]
[EventRounds "9"]
[EventCountry "GER"]
[SourceTitle "EXT 2020"]
[Source "ChessBase"]
[SourceDate "2019.10.17"]
[SourceVersion "1"]
[SourceVersionDate "2019.10.17"]
[SourceQuality "1"]

1. d4 Nf6 2. Nf3 d6 3. e3 g6 4. b4 a5 5. b5 Nbd7 6. Bb2 Bg7 7. Nbd2 0-0 8. Be2 c5 9. 0-0 b6 10. c4 e6 11. Qc2 Qc7 12. Rac1 e5 13. d5 Ne8 14. e4 Bh6 15. Bd3 Ng7 16. h4 Nf6 17. Ng5 Nfh5 18. f4 Nxf4 19. Rxf4 exf4 20. Ngf3 f6 21. e5 fxe5 22. Bxg6 Bf5 23. Bxf5 Nxf5 24. Ne4 Qe7 25. Qf2 Nd4 26. Nfg5 Rf5 27. Bxd4 Bxg5 28. hxg5 cxd4 29. Qh4 Raf8 30. Qg4 Kh8 31. Kf2 f3 32. Nf6 Rxg5 0-1

[Event "Hamburg-ch cand"]
[Site "Hamburg"]
[Date "2016.05.22"]
[Round "9"]
[White "Becker Bertau, Friedrich"]
[Black "Schulz, Hans Juergen"]
[Result "1-0"]
[WhiteElo "1848"]
[BlackElo "1935"]
[PlyCount "121"]
[EventDate "2016.05.14"]
[EventType "swiss"]
[EventRounds "9"]
[EventCountry "GER"]
[SourceTitle "EXT 2018"]
[Source "ChessBase"]
[SourceDate "2017.10.13"]
[SourceVersion "1"]
[SourceVersionDate "2017.10.13"]
[SourceQuality "1"]

1. e4 e5 2. Nf3 d5 3. Nxe5 dxe4 4. d4 Nd7 5. f4 exf3 6. Nxf3 Be7 7. Bd3 Bh4+ 8. g3 Be7 9. Nc3 Ngf6 10. Bg5 h6 11. Be3 Nb6 12. Qd2 Be6 13. b3 Bb4 14. a3 Bxc3 15. Qxc3 Nbd5 16. Qd2 Qe7 17. c4 Nxe3 18. Qxe3 c6 19. 0-0 0-0 20. Bf5 Rfe8 21. Bxe6 Qxe6 22. Qxe6 Rxe6 23. Rae1 Rae8 24. Rxe6 Rxe6 25. Re1 Kf8 26. Rxe6 fxe6 27. Kf2 Ke7 28. c5 Ne4+ 29. Ke3 Nc3 30. Ne5 Kf6 31. a4 Nd5+ 32. Kd2 Kf5 33. Kd3 Kf6 34. a5 a6 35. Nc4 g5 36. Nd6 h5 37. Nxb7 Kf5 38. Nd8 Ne7 39. b4 e5 40. dxe5 Kxe5 41. Nf7+ Kf6 42. Nd6 Nf5 43. Kc4 Ne3+ 44. Kd4 Nc2+ 45. Kc3 Ne3 46. Ne8+ Ke7 47. Nc7 Kd7 48. Nxa6 Kc8 49. Kd4 Nc2+ 50. Kc3 Ne3 51. Kd3 Nd5 52. Kd4 Ne7 53. b5 Kb7 54. Nb4 cxb5 55. a6+ Ka7 56. c6 Kb6 57. Nd5+ Nxd5 58. Kxd5 b4 59. Kd6 b3 60. c7 b2 61. c8Q 1-0

[Event "Hamburg-ch cand"]
[Site "Hamburg"]
[Date "2016.05.15"]
[Round "2"]
[White "Becker Bertau, Friedrich"]
[Black "Ristic, Sreten"]
[Result "1-0"]
[WhiteElo "1848"]
[BlackElo "1912"]
[PlyCount "120"]
[EventDate "2016.05.14"]
[EventType "swiss"]
[EventRounds "9"]
[EventCountry "GER"]
[SourceTitle "EXT 2018"]
[Source "ChessBase"]
[SourceDate "2017.10.13"]
[SourceVersion "1"]
[SourceVersionDate "2017.10.13"]
[SourceQuality "1"]

1. c4 d5 2. d4 dxc4 3. Nc3 c6 4. a4 Bd7 5. a5 Na6 6. e4 e6 7. Bxc4 Nc7 8. Nf3 Nf6 9. 0-0 Be7 10. h3 g6 11. Ne5 h5 12. f4 h4 13. f5 gxf5 14. exf5 Ncd5 15. Nxd5 exd5 16. Bd3 b5 17. Bg5 a6 18. Qe1 Kf8 19. Bxh4 Be8 20. Qf2 Rc8 21. Rae1 c5 22. Ng6+ fxg6 23. fxg6 Rc6 24. Rxe7 Qxe7 25. Bxf6 Rxf6 26. Qxf6+ Qxf6 27. Rxf6+ Kg7 28. Rxa6 c4 29. Bb1 Rh4 30. Ra7+ Kf6 31. Ra6+ Kg7 32. Ra7+ Kf6 33. Ra8 Rxd4 34. Ra6+ Kg7 35. Bf5 Rd2 36. Re6 Kf8 37. g7+ Kxg7 38. Rxe8 Rxb2 39. Rd8 Ra2 40. Rxd5 Rxa5 41. Rc5 Kf6 42. g4 Ke7 43. Rd5 Ra1+ 44. Kf2 Ra2+ 45. Kg3 b4 46. Rd4 Ra3+ 47. Kf4 Rc3 48. Rd7+ Ke8 49. g5 Rc1 50. Rb7 b3 51. Be6 Kd8 52. Rb4 Rc2 53. Bxc4 b2 54. Bd3 Rh2 55. Bf5 Kc7 56. Kg3 Rd2 57. g6 Rd5 58. Kg4 Rd2 59. Be4 Kd6 60. g7 Ke5 1-0

[Event "Hamburg-ch MB"]
[Site "Hamburg"]
[Date "2014.06.14"]
[Round "8"]
[White "Becker Bertau, Friedrich"]
[Black "Schoenfisch, Norbert"]
[Result "1/2-1/2"]
[WhiteElo "1911"]
[BlackElo "1795"]
[PlyCount "103"]
[EventDate "2014.06.07"]
[EventType "swiss"]
[EventRounds "9"]
[EventCountry "GER"]
[SourceTitle "CBM 161 Extra"]
[Source "ChessBase"]
[SourceDate "2014.08.29"]
[SourceVersion "1"]
[SourceVersionDate "2014.08.29"]
[SourceQuality "1"]

1. f4 Nf6 2. Nf3 g6 3. d4 d6 4. c4 Bg7 5. Qc2 0-0 6. e4 Nbd7 7. Bd3 e5 8. fxe5 dxe5 9. d5 Nc5 10. Be3 Nxd3+ 11. Qxd3 Nh5 12. Nc3 f5 13. 0-0-0 f4 14. Bc5 Re8 15. d6 cxd6 16. Qxd6 Qa5 17. Bb4 Qb6 18. Qxb6 axb6 19. Kb1 Bg4 20. Nd5 Bf8 21. Bxf8 Rxf8 22. Nxb6 Ra5 23. b4 Ra3 24. Rhf1 Re3 25. Rde1 Rxe1+ 26. Rxe1 Re8 27. c5 Nf6 28. Nc4 Nd7 29. h3 Be6 30. Nd6 Ra8 31. Re2 Ra4 32. Rb2 Bxa2+ 33. Rxa2 Rxb4+ 34. Rb2 Rxb2+ 35. Kxb2 Nxc5 36. Nxe5 Kf8 37. Nf3 Ke7 38. e5 Ke6 39. Kc3 Kd5 40. Kb4 Nd3+ 41. Kc3 Nxe5 42. Nxb7 Nf7 43. Na5 g5 44. Nc4 h5 45. Nh2 Ke4 46. Kd2 Kf5 47. Ke2 g4 48. Nd2 Nd6 49. Nb3 Kg5 50. Nxg4 hxg4 51. hxg4 Kxg4 52. Kf2 1/2-1/2

[Event "Hamburg-ch MB"]
[Site "Hamburg"]
[Date "2014.06.11"]
[Round "5"]
[White "Behrensen Senfft, Joern"]
[Black "Becker Bertau, Friedrich"]
[Result "0-1"]
[WhiteElo "1767"]
[BlackElo "1911"]
[PlyCount "50"]
[EventDate "2014.06.07"]
[EventType "swiss"]
[EventRounds "9"]
[EventCountry "GER"]
[SourceTitle "CBM 161 Extra"]
[Source "ChessBase"]
[SourceDate "2014.08.29"]
[SourceVersion "1"]
[SourceVersionDate "2014.08.29"]
[SourceQuality "1"]

1. d4 Nf6 2. e3 e6 3. Bd3 c5 4. f4 Nc6 5. Nf3 d5 6. c3 c4 7. Bc2 b5 8. Nbd2 Be7 9. Ne5 Bb7 10. Qf3 0-0 11. 0-0 b4 12. g4 Nxe5 13. fxe5 Ne8 14. Bxh7+ Kxh7 15. Qh3+ Kg8 16. Nf3 f5 17. exf6 Bxf6 18. g5 Bxg5 19. Qxe6+ Kh7 20. Qh3+ Bh6 21. e4 Bc8 22. Qh5 Nf6 23. Qh4 Nxe4 24. Ng5+ Nxg5 25. Rxf8 Nf3+ 0-1

[Event "Hamburg-ch MB"]
[Site "Hamburg"]
[Date "2014.06.10"]
[Round "4"]
[White "Becker Bertau, Friedrich"]
[Black "Stuhlmann, Alexander"]
[Result "0-1"]
[WhiteElo "1911"]
[BlackElo "1839"]
[PlyCount "92"]
[EventDate "2014.06.07"]
[EventType "swiss"]
[EventRounds "9"]
[EventCountry "GER"]
[SourceTitle "CBM 161 Extra"]
[Source "ChessBase"]
[SourceDate "2014.08.29"]
[SourceVersion "1"]
[SourceVersionDate "2014.08.29"]
[SourceQuality "1"]

1. e4 c5 2. Nf3 Nc6 3. Bb5 Nd4 4. Nxd4 cxd4 5. 0-0 a6 6. Ba4 b5 7. Bb3 Bb7 8. d3 g6 9. Nd2 Bg7 10. f4 e6 11. Nf3 d5 12. e5 Qb6 13. Bd2 Ne7 14. Qe2 a5 15. a4 b4 16. Qf2 Nf5 17. Rab1 Qa7 18. Rfe1 h5 19. g3 Bf8 20. h3 Bc5 21. Re2 Rc8 22. g4 hxg4 23. hxg4 Ne3 24. Qg3 Bb6 25. Be1 Ke7 26. Bf2 Rh6 27. Nxd4 Bxd4 28. Bxe3 Bxe3+ 29. Qxe3 d4 30. Qd2 Rh1+ 31. Kf2 Rxb1 32. f5 Rh8 33. fxg6 Rh2+ 34. Kg3 Rxe2 35. Qg5+ Kd7 36. Bxe6+ fxe6 37. Qf6 Rg1+ 38. Kh4 Rh1+ 39. Kg5 Qc5 40. g7 Rxe5+ 41. Kg6 Rg1 42. Qf4 Rf5 43. Qb8 Rxg4+ 44. Kh7 Rh5+ 45. Kg8 Rxg7+ 46. Kxg7 Qe5+ 0-1

[Event "Hamburg-ch MB"]
[Site "Hamburg"]
[Date "2014.06.09"]
[Round "3"]
[White "Quibael, Ricardo"]
[Black "Becker Bertau, Friedrich"]
[Result "1-0"]
[WhiteElo "1798"]
[BlackElo "1911"]
[PlyCount "52"]
[EventDate "2014.06.07"]
[EventType "swiss"]
[EventRounds "9"]
[EventCountry "GER"]
[SourceTitle "CBM 161 Extra"]
[Source "ChessBase"]
[SourceDate "2014.08.29"]
[SourceVersion "1"]
[SourceVersionDate "2014.08.29"]
[SourceQuality "1"]

1. d4 Nf6 2. Nf3 c5 3. e3 e6 4. Bd3 d5 5. c3 b6 6. 0-0 Ba6 7. Bxa6 Nxa6 8. Qa4+ Qd7 9. Qxa6 c4 10. Ne5 Qc7 11. Qa4+ Kd8 12. Qc6 Qxc6 13. Nxc6+ Kc7 14. Ne5 Be7 15. Nxf7 Rhf8 16. Ne5 Ne4 17. Nd2 g5 18. Nxe4 dxe4 19. Nxc4 g4 20. Nd2 h5 21. Nxe4 h4 22. f4 gxf3 23. Rxf3 Rxf3 24. gxf3 Rg8+ 25. Kh1 h3 26. Ng3 Bh4 1-0

[Event "Hamburg-ch MA"]
[Site "Hamburg"]
[Date "2013.05.25"]
[Round "8"]
[White "Kohtz, Andreas"]
[Black "Becker Bertau, Friedrich"]
[Result "0-1"]
[WhiteElo "2065"]
[BlackElo "1955"]
[PlyCount "120"]
[EventDate "2013.05.18"]
[EventType "swiss"]
[EventRounds "9"]
[EventCountry "GER"]
[SourceTitle "EXT 2022"]
[Source "ChessBase"]
[SourceDate "2021.10.06"]
[SourceVersion "1"]
[SourceVersionDate "2021.10.06"]
[SourceQuality "1"]

1. d4 c5 2. c3 e6 3. Nf3 Nf6 4. Bf4 Nc6 5. e3 d5 6. Bd3 Ne4 7. Ne5 Nxe5 8. Bxe5 f5 9. Bxe4 fxe4 10. Qg4 Qe7 11. dxc5 Bd7 12. Qh5+ g6 13. Qe2 Bg7 14. Bd6 Qg5 15. Na3 a6 16. h4 Qxg2 17. 0-0-0 0-0-0 18. Rdg1 Qf3 19. Qxf3 exf3 20. h5 e5 21. Rg3 e4 22. Rhg1 Bf5 23. Rd1 Be6 24. hxg6 h5 25. Nc2 h4 26. Rgg1 Rh5 27. Nd4 Bh3 28. Bh2 Bxd4 29. cxd4 Bg2 30. Kd2 Rg5 31. b4 Rxg6 32. a4 Kd7 33. Rb1 Rdg8 34. b5 axb5 35. Rxb5 Kc8 36. Rgb1 R8g7 37. a5 Bh3 38. c6 Rxc6 39. Rxd5 Rg2 40. Bg1 Rcg6 41. Rc5+ Kb8 42. a6 b6 43. Rcc1 Bf5 44. Ra1 Rg7 45. d5 h3 46. d6 h2 47. Bxh2 Rxf2+ 48. Kc3 Rxh2 49. Kd4 f2 50. Rc6 Bh3 51. Rxb6+ Ka7 52. Rbb1 Bg2 53. Ke5 Rgh7 54. Ke6 R2h6+ 55. Kd5 Rh1 56. Kc6 Rxb1 57. Rxb1 f1Q 58. Rxf1 Bxf1 59. d7 Rxd7 60. Kxd7 Kxa6 0-1

[Event "Hamburg-ch MA"]
[Site "Hamburg"]
[Date "2013.05.21"]
[Round "4"]
[White "Becker Bertau, Friedrich"]
[Black "Weiss, Siegfried"]
[Result "0-1"]
[WhiteElo "1955"]
[BlackElo "2063"]
[PlyCount "72"]
[EventDate "2013.05.18"]
[EventType "swiss"]
[EventRounds "9"]
[EventCountry "GER"]
[SourceTitle "EXT 2022"]
[Source "ChessBase"]
[SourceDate "2021.10.06"]
[SourceVersion "1"]
[SourceVersionDate "2021.10.06"]
[SourceQuality "1"]

1. f4 c5 2. Nf3 Nc6 3. e4 e6 4. Bb5 Nge7 5. d3 a6 6. Bxc6 Nxc6 7. c4 d6 8. Nc3 Be7 9. Be3 0-0 10. Qd2 Rb8 11. 0-0 b5 12. b3 Qc7 13. g4 Rd8 14. g5 b4 15. Ne2 d5 16. e5 dxc4 17. bxc4 b3 18. axb3 Rxb3 19. Nc1 Rb8 20. Qf2 Nd4 21. Bxd4 cxd4 22. Ra2 Bb7 23. Ne2 Bc5 24. g6 fxg6 25. Ng5 h6 26. Nf3 Qf7 27. Qg3 Rf8 28. h3 g5 29. Kh2 gxf4 30. Qg4 Qf5 31. Nexd4 Qxg4 32. hxg4 Kf7 33. Nxe6 Kxe6 34. d4 Bxf3 35. Rxa6+ Rb6 36. Rxb6+ Bxb6 0-1

[Event "Hamburg-ch MB"]
[Site "Hamburg"]
[Date "2012.06.02"]
[Round "8"]
[White "Krotofil, Kurt"]
[Black "Becker Bertau, Friedrich"]
[Result "0-1"]
[WhiteElo "2014"]
[BlackElo "1963"]
[PlyCount "62"]
[EventDate "2012.05.26"]
[EventType "swiss"]
[EventRounds "9"]
[EventCountry "GER"]
[SourceTitle "CBM 148 Extra"]
[Source "ChessBase"]
[SourceDate "2012.06.22"]
[SourceVersion "1"]
[SourceVersionDate "2012.06.22"]
[SourceQuality "1"]

1. d4 Nf6 2. c4 c5 3. d5 b5 4. cxb5 d6 5. Nc3 g6 6. e4 Bg7 7. Nf3 0-0 8. Bd3 a6 9. bxa6 Bxa6 10. Bxa6 Nxa6 11. 0-0 Ng4 12. Nd2 Ne5 13. Qe2 Nb4 14. Nc4 Nxc4 15. Qxc4 Nc2 16. Rb1 Rb8 17. Bd2 Nd4 18. Nd1 f5 19. f3 fxe4 20. fxe4 Rxf1+ 21. Qxf1 Qd7 22. Qd3 Rf8 23. Nf2 Qa7 24. a3 c4 25. Qe3 Bh6 26. Qxh6 Ne2+ 27. Kh1 Qxf2 28. h3 Ng3+ 29. Kh2 Nf1+ 30. Rxf1 Qxf1 31. Bg5 Rf2 0-1

[Event "Hamburg-ch MB"]
[Site "Hamburg"]
[Date "2011.10.07"]
[Round "7.6"]
[White "Becker Bertau, Friedrich"]
[Black "Reuter, Maximilian"]
[Result "0-1"]
[WhiteElo "1978"]
[BlackElo "1737"]
[PlyCount "50"]
[EventDate "2011.10.09"]
[EventType "swiss"]
[EventRounds "9"]
[EventCountry "GER"]
[SourceTitle "EXT 2012"]
[Source "ChessBase"]
[SourceDate "2011.11.24"]
[SourceVersion "1"]
[SourceVersionDate "2011.11.24"]
[SourceQuality "1"]

1. e4 Nc6 2. f4 e5 3. Nf3 d5 4. exd5 Qxd5 5. Nc3 Qe6 6. f5 Qxf5 7. Bd3 Qh5 8. 0-0 Bg4 9. Be4 Bc5+ 10. Kh1 f5 11. Bxc6+ bxc6 12. Qe1 e4 13. Nxe4 fxe4 14. Qxe4+ Ne7 15. Ne5 Bf5 16. Qc4 Bd6 17. d4 0-0-0 18. Bf4 Be4 19. Qa6+ Kb8 20. c4 Qe2 21. Rg1 Rhf8 22. Bg3 Bxe5 23. Bxe5 Rf2 24. Bxc7+ Kxc7 25. Qxa7+ Kc8 0-1

[Event "Hamburg St Pauli op-A"]
[Site "Hamburg"]
[Date "2010.07.10"]
[Round "1"]
[White "Andersen, Jens Knud"]
[Black "Becker Bertau, Friedrich"]
[Result "1-0"]
[WhiteElo "2183"]
[BlackElo "1981"]
[PlyCount "113"]
[EventDate "2010.07.10"]
[EventType "swiss"]
[EventRounds "9"]
[EventCountry "GER"]
[SourceTitle "EXT 2013"]
[Source "ChessBase"]
[SourceDate "2012.11.22"]
[SourceVersion "1"]
[SourceVersionDate "2012.11.22"]
[SourceQuality "1"]

1. Nf3 Nf6 2. g3 g6 3. Bg2 Bg7 4. 0-0 0-0 5. c4 c5 6. Nc3 Nc6 7. d4 Nxd4 8. Nxd4 cxd4 9. Qxd4 d6 10. Qd3 Nd7 11. b3 Nc5 12. Qc2 Bf5 13. Qd2 Ne4 14. Bxe4 Bxe4 15. Bb2 Bc6 16. Rfd1 f5 17. Nd5 Bxb2 18. Qxb2 e6 19. Nb4 Qb6 20. Nxc6 Qxc6 21. Qd4 Rad8 22. Qxa7 f4 23. Qd4 f3 24. Qe3 e5 25. Rd2 Rf5 26. Re1 Rdf8 27. exf3 Rxf3 28. Qe4 Qxe4 29. Rxe4 R8f6 30. Re3 Rxe3 31. fxe3 Re6 32. e4 Kf7 33. Kf2 Ke7 34. Ke3 g5 35. Rf2 b6 36. a4 Rg6 37. Kd3 h5 38. h3 h4 39. g4 Rg8 40. Rf5 Kd7 41. Kc3 Kc6 42. Rf7 Ra8 43. b4 b5 44. cxb5+ Kb6 45. Kb3 Rc8 46. Rd7 Rf8 47. Rxd6+ Kc7 48. Rd3 Kb6 49. Rd5 Rf3+ 50. Kc4 Rxh3 51. a5+ Kb7 52. b6 Ra3 53. Kb5 h3 54. Rd7+ Kc8 55. Rh7 Ra2 56. b7+ Kb8 57. Kb6 1-0

[Event "Hamburg Koenigsspringer Elo op 5th"]
[Site "Hamburg"]
[Date "2007.05.18"]
[Round "4"]
[White "Atri, Jamshid"]
[Black "Becker Bertau, Friedrich"]
[Result "1-0"]
[WhiteElo "2077"]
[BlackElo "1954"]
[PlyCount "85"]
[EventDate "2007.05.17"]
[EventType "swiss"]
[EventRounds "7"]
[EventCountry "GER"]
[SourceTitle "EXT 2009"]
[Source "ChessBase"]
[SourceDate "2008.11.26"]
[SourceVersion "1"]
[SourceVersionDate "2008.11.26"]
[SourceQuality "1"]

1. e4 c5 2. Nf3 d6 3. d4 cxd4 4. Nxd4 Nf6 5. Nc3 a6 6. Bg5 e6 7. f4 Be7 8. Qf3 Qc7 9. 0-0-0 Nbd7 10. Bd3 b5 11. Rhe1 Bb7 12. Qg3 h6 13. Bxf6 Bxf6 14. Bxb5 0-0 15. Bxd7 Qxd7 16. e5 dxe5 17. fxe5 Bg5+ 18. Kb1 Qe7 19. Nf3 Bxf3 20. Qxf3 Rab8 21. Rd6 f6 22. Red1 fxe5 23. Qg4 Rf5 24. Qc4 Re8 25. g3 Be3 26. Ne4 a5 27. Rd7 Qf8 28. Nd6 Bd4 29. Nxe8 Qxe8 30. Qc7 Rf7 31. Rxf7 Qxf7 32. Qxf7+ Kxf7 33. c3 Bc5 34. Re1 Kf6 35. Kc2 Kf5 36. Kd3 h5 37. h3 g5 38. Rf1+ Kg6 39. g4 hxg4 40. hxg4 Kg7 41. Ke2 Bd6 42. Rd1 Bb8 43. Rd8 1-0

[Event "Hamburg Koenigsspringer Elo op 5th"]
[Site "Hamburg"]
[Date "2007.05.17"]
[Round "1"]
[White "Becker Bertau, Friedrich"]
[Black "Jacoby, Gisbert"]
[Result "0-1"]
[WhiteElo "1954"]
[BlackElo "2252"]
[PlyCount "64"]
[EventDate "2007.05.17"]
[EventType "swiss"]
[EventRounds "7"]
[EventCountry "GER"]
[SourceTitle "EXT 2009"]
[Source "ChessBase"]
[SourceDate "2008.11.26"]
[SourceVersion "1"]
[SourceVersionDate "2008.11.26"]
[SourceQuality "1"]

1. Nf3 d5 2. d4 c5 3. e3 Nf6 4. c3 Nbd7 5. Bd3 e6 6. Nbd2 Be7 7. 0-0 0-0 8. Ne5 Nxe5 9. dxe5 Nd7 10. f4 f5 11. exf6 Nxf6 12. Nf3 Bd6 13. Bd2 c4 14. Bc2 Qb6 15. Nd4 Qxb2 16. g4 e5 17. Nf5 Bxf5 18. Bxf5 exf4 19. Rb1 Qxa2 20. Ra1 Qb2 21. Rb1 Qa3 22. g5 Ne4 23. Bxe4 dxe4 24. exf4 Bc5+ 25. Kh1 Rad8 26. Qe2 Qa2 27. Rxb7 Rxd2 28. Qh5 Qa6 29. Rfb1 Qc6 30. Rxg7+ Kxg7 31. Rb7+ Qxb7 32. Qh6+ Kg8 0-1